Loading...
Lectures in abstract algebra, Vol.1: Basic concepts
| Main Author: | |
|---|---|
| Format: | Printed Book |
| Published: |
D Van Nostrand Co., Princeton
1963
|
| Subjects: |
| LEADER | 00519nam a2200169 4500 | ||
|---|---|---|---|
| 082 | |a 512.02 JAC-L.1;4 | ||
| 100 | |a Jacobson, Nathan | ||
| 245 | |a Lectures in abstract algebra, Vol.1: Basic concepts |c Nathan Jacobson | ||
| 250 | |||
| 260 | |a D Van Nostrand Co., Princeton |c 1963 | ||
| 300 | |||
| 490 | |||
| 650 | |a Abstract algebra-- Mathematics | ||
| 700 | |||
| 942 | |c BK | ||
| 999 | |c 199608 |d 199608 | ||
| 952 | |0 0 |1 0 |4 0 |6 512_020000000000000_JACL_14 |7 0 |9 212957 |a MAT |b MAT |l 0 |o 512.02 JAC-L.1;4 |p MAT158 |r 2019-11-01 |w 2019-11-01 |y BK | ||